000 01242cam a22002771ia4500
003 SA-RiAUC
005 20250217080416.0
008 250216s1984 ku g c 00000 ara c
040 _aSA-RiAUC
_bara
_cSA-RiAUC
_erda
082 0 4 _a011.31
_qSA-RiAUC
090 _a011.31
_b ع و ا
100 1 _aعواد، كوركيس،
_d1908-1992
_eمؤلف.
245 1 0 _aفهارس المخطوطات العربية في العالم =
_bCatalogues of the arabic manuscripts in the world /
_cكوركيس عواد.
246 3 0 _aCatalogues of the arabic manuscripts in the world
250 _aالطبعة الأولى.
264 1 _aالكويت :
_bمعهد المخطوطات العربية،
_c1984
300 _a2 مجلد ؛
_c24 سم.
336 _aنص
_btxt
_2rdacontent
_3كتاب
337 _aبدون وسيط
_bn
_2rdamedia
338 _aمجلد
_bnc
_2rdacarrier
490 0 _aمنشورات معهد المخطوطات العربية، المنظمة العربية للتربية والثقافة والعلوم.
650 7 _aالمخطوطات العربية
_vببليوجرافيات
_2aucsh
700 1 _aعواد، كوركيس،
_d1908-1992
_eمؤلف.
942 _2ddc
_cBOOK
_n0
949 _aSA-JeALM
_d250216
_uosman123
_n1
999 _c6028
_d6028